00429nam a22001457a 4500008004100000020001800041041000800059080001700067100000700084101000800091245004000099942001200139999001700151952011500168180905b xxu||||| |||| 00| 0 eng d a9780072921632 aeng 26 EDa612.39 a10 aNUT aPerspective Nutrition cWardlaw.h 2udccBK c47554d47554 00102udc40708PËKGa002b002cPËKGd2018-09-05l0o612.39 WARp002-3012315r2018-09-05w2018-09-05yBK